• 首页
  • 本馆介绍
  • 公告通知
  • 最新文献
  • 馆藏检索
  • 电子资源
  • 读者导购
  • 参考咨询
  • 我的图书馆
  • 登录
  • 详细信息显示
  • 放入我的书架
  • 预约/预借图书
  • 作者相关作品
  • 分类相关作品
  • 丛书相关作品
  • 出版社相关作品

书目信息

  • 表格格式
  • 工作单格式
  • 卡片格式
题名:
戏剧美学论集
    
 
作者: ;上海文艺出版社 编
分册:  
出版信息: 上海   上海文艺出版社  1983.6
页数: 345页
开本: 20cm
丛书名:
单 册:
中图分类: J80
科图分类:
主题词: 戏剧--艺术理论
电子资源:
ISBN:
000 00512nam0 2200181 45
001 0312221749
005 20060526100439.64
010    @dCNY1.15
100    @a20031222d1983 km y0chiy0120 ea
101    @achi
200 1  @a戏剧美学论集@AXi Ju Mei Xue Lun Ji@f上海文艺出版社编@FShang Hai Wen YiChu Ban She Bian
210    @a上海@c上海文艺出版社@d1983.6
215    @a345页@d20cm
606 0  @a戏剧@x艺术理论
690    @aJ80@v3
711 02 @a上海文艺出版社@4编
801    @aCN@bTSTCL@c20060526
905    @dJ80@e13@f1@b176214
    
    戏剧美学论集/上海文艺出版社编.-上海:上海文艺出版社,1983.6
    345页;20cm
    
    
    ISBN :CNY1.15
    
●
相关链接 在E读中查询图书 在五车中查询图书 在当当中查询图书 在豆瓣中查询图书


正题名:戏剧美学论集     索取号:J80/13         预约/预借

序号 登录号 条形码 馆藏地/架位号 状态 备注
1 0100985   001223991   第一借阅区/ [索取号:J80/13] 在馆    
2 0100986   202379443   密集书库/ [索取号:J80/13] 在馆    
3 0100987   001224008   第一借阅区/ [索取号:J80/13] 在馆    
4 0176214   002001684   第一借阅区/ [索取号:J80/13] 在馆    
5 0176215   202379416   密集书库/ [索取号:J80/13] 在馆    
唐山师范学院图书馆 欢迎您!
大连网信软件有限公司© 版权所有